00984nam a2200277Ia 4500001000700000003000500007008004100012010001100053020001800064040000900082082001400091100002000105240004400125245012500169260003000294300001100324500008100335503001400416504003800430650003900468650005500507650002700562650004300589700004100632700003300673Z_2416CHAP220113s9999 xx 000 0 und d a165472 a968-26-1149-0 cCHAP a338.1 C73 aCramer, Gail L. aAgricultural economics and agribusiness aEconomía agrícola y agroempresas /cGail L. Cramer y Clarence W. Jensen; traducción Ma. Del Consuelo Hidalgo y M. aMéxico :bCECSA,c  a485 p. aTraducción de la obra en inglés: Agricultural economics and agribusiness aej.1: C/E aIncluye bibliografía y glosario aAgriculturaxAspectos económicos aAgriculturaxAspectos económicosxEstados Unidos aIndustrias agrícolas aIndustrias agrícolasxEstados Unidos a Hidalgo y M., Ma. Del Consuelo, tr. aJensen, Clarence W., coaut.